000 00459nam a22001697a 4500
003 LK-CoMWRAF
005 20260402151755.0
008 230910b2011 |||||||| |||| 00| 0 eng d
040 _aLK-CoMWRAF
_dLK-CoMWRAF
_eLK-CoMWRAF
041 _aeng
082 _a023.8
_bMOD
245 _aModule for Training of Quazis
260 _aColombo :
_bMuslim women's research and action forum,
_c2011
650 _aQuazis
650 _aTraining module-Muslims
942 _cBK
999 _c3537
_d3537